[Event "3. Copenhagen Open Politiken Cup"]
[Site "Brndby"]
[Date "1981.??.??"]
[Round "1"]
[White "Sorensen, Henrik"]
[Black "Ravikumar, Vaidyanathan"]
[Result "0-1"]
[WhiteElo "2215"]
[BlackElo "2325"]
[PlyCount "96"]
[EventDate "1981.??.??"]
[EventType "swiss"]
[EventRounds "10"]
[EventCountry "DEN"]
[SourceDate "2004.01.01"]

1. d4 Nf6 2. Nf3 g6 3. Bg5 Bg7 4. Nbd2 c5 5. e3 O-O 6. c3 b6 7. Be2 Bb7 8. O-O
d6 9. a4 Nc6 10. Nc4 Rc8 11. h3 Rc7 12. Qb3 Ba6 13. Rfe1 Ne4 14. d5 Nxg5 15.
Nxg5 Nb8 16. f4 Bb7 17. Rad1 Nd7 18. Bf3 Qa8 19. Ne4 Rb8 20. Ncxd6 exd6 21.
Nxd6 c4 22. Nxc4 Rf8 23. e4 Qd8 24. g3 g5 25. e5 gxf4 26. gxf4 Qh4 27. Bg2 Qxf4
28. Rd4 Qh6 29. Qd1 Rxc4 30. Rxc4 Nxe5 31. Rce4 Qd6 32. Kh1 Ng6 33. c4 Bc8 34.
Qd2 Bf5 35. Re8 Qg3 36. R1e3 Qh4 37. Rxf8+ Bxf8 38. d6 Qd8 39. Rf3 Be4 40. Rg3
Qxd6 41. Qxd6 Bxd6 42. Re3 Bxg2+ 43. Kxg2 a5 44. b3 Nf4+ 45. Kf1 Ne6 46. Rd3
Bc5 47. Rg3+ Kf8 48. Kg2 f5 0-1

[Event "3. Copenhagen Open Politiken Cup"]
[Site "Brndby"]
[Date "1981.??.??"]
[Round "1"]
[White "Tjarnemo, Hakan"]
[Black "Jasnikowski, Zbigniew"]
[Result "1/2-1/2"]
[WhiteElo "2235"]
[BlackElo "2380"]
[PlyCount "26"]
[EventDate "1981.??.??"]
[EventType "swiss"]
[EventRounds "10"]
[EventCountry "DEN"]
[SourceDate "2004.01.01"]

1. d4 Nf6 2. Nf3 g6 3. c4 Bg7 4. Nc3 O-O 5. Bg5 d6 6. h3 c5 7. d5 e6 8. e4 h6
9. Be3 exd5 10. exd5 Re8 11. Bd3 Nh5 12. O-O f5 13. Qc2 Qf6 1/2-1/2

[Event "3. Copenhagen Open Politiken Cup"]
[Site "Brndby"]
[Date "1981.??.??"]
[Round "1"]
[White "Toth, Peter"]
[Black "Schneider, Lars Ake"]
[Result "1/2-1/2"]
[WhiteElo "2270"]
[BlackElo "2410"]
[PlyCount "132"]
[EventDate "1981.??.??"]
[EventType "swiss"]
[EventRounds "10"]
[EventCountry "DEN"]
[SourceDate "2004.01.01"]

1. Nf3 Nf6 2. d4 e6 3. c4 b6 4. g3 Ba6 5. Qa4 c5 6. Bg2 Bb7 7. dxc5 bxc5 8. O-O
Be7 9. Nc3 O-O 10. Rd1 Qb6 11. Qc2 d6 12. Bg5 h6 13. Bf4 Rd8 14. e4 e5 15. Bc1
Nc6 16. Nd5 Nxd5 17. exd5 Nd4 18. Nxd4 exd4 19. Qf5 Bc8 20. Qh5 Bf6 21. Be4 Re8
22. Bd3 Bd7 23. Qf3 Be7 24. Bd2 Bf8 25. Rac1 a5 26. b3 g6 27. Re1 Rxe1+ 28.
Bxe1 Qd8 29. Bd2 Bh3 30. Bf1 Bf5 31. Bd3 Bh3 32. Bf1 Bd7 33. Bd3 Qc8 34. Qf6
Qc7 35. h4 Bg7 36. Qf4 h5 37. Kg2 Re8 38. Re1 Re5 39. Rxe5 dxe5 40. Qg5 Be8 41.
Be1 Bf8 42. f4 exf4 43. gxf4 a4 44. bxa4 Qb6 45. f5 Qb2+ 46. Qd2 Qa3 47. fxg6
fxg6 48. a5 Bd6 49. Qc2 Kg7 50. Bd2 Ba4 51. Qb1 Bc7 52. a6 Bd7 53. a7 Qxa7 54.
Bxg6 Qa6 55. Bxh5 Qd6 56. Qg1 Kh7 57. Kh1 Qf6 58. Qb1+ Kh8 59. Bg5 Qe5 60. Qg1
Bf5 61. Bf3 Bd3 62. d6 Bxd6 63. Bd5 Be4+ 64. Bxe4 Qxe4+ 65. Qg2 Qe1+ 66. Qg1
Qe4+ 1/2-1/2

[Event "3. Copenhagen Open Politiken Cup"]
[Site "Brndby"]
[Date "1981.??.??"]
[Round "2"]
[White "Bednarski, Jacek"]
[Black "Tjarnemo, Hakan"]
[Result "1-0"]
[WhiteElo "2380"]
[BlackElo "2235"]
[PlyCount "106"]
[EventDate "1981.??.??"]
[EventType "swiss"]
[EventRounds "10"]
[EventCountry "DEN"]
[SourceDate "2004.01.01"]

1. e4 e5 2. Nf3 Nf6 3. d4 Nxe4 4. Bd3 d5 5. Nxe5 Nd7 6. Nxd7 Bxd7 7. O-O Be7 8.
Re1 Nf6 9. Bg5 O-O 10. Nd2 Re8 11. c3 c6 12. Qc2 h6 13. Bf4 Nh5 14. Be5 Bf6 15.
Nf3 Be6 16. Qd2 Bg4 17. Be2 Bxe5 18. dxe5 g5 19. Nd4 Bxe2 20. Rxe2 Qd7 21. Rae1
Nf4 22. Re3 c5 23. Ne2 Ne6 24. h4 Rad8 25. hxg5 hxg5 26. Rg3 Kf8 27. Qd3 d4 28.
Qh7 Ke7 29. Qf5 Rg8 30. Rd1 Qb5 31. Rf3 Rgf8 32. Rd2 Rd5 33. b3 Rd7 34. Rfd3
Rfd8 35. Qf6+ Ke8 36. c4 Qb6 37. Rh3 Re7 38. Ng3 Nf4 39. Rh8+ Kd7 40. Rxd8+
Kxd8 41. Qxg5 Ne6 42. Qh4 Ng7 43. Ne4 Ne8 44. Nc3 Nc7 45. Nd5 Nxd5 46. cxd5 Kd7
47. Qh3+ Kd8 48. d6 Rxe5 49. Qh8+ Re8 50. Qf6+ Kc8 51. Rc2 d3 52. Qf5+ Re6 53.
Rxc5+ Kb8 1-0

[Event "3. Copenhagen Open Politiken Cup"]
[Site "Brndby"]
[Date "1981.??.??"]
[Round "2"]
[White "Bjerring, Kai"]
[Black "Fuglsang, Flemming"]
[Result "1-0"]
[WhiteElo "2325"]
[BlackElo "2200"]
[PlyCount "61"]
[EventDate "1981.??.??"]
[EventType "swiss"]
[EventRounds "10"]
[EventCountry "DEN"]
[SourceDate "2004.01.01"]

1. d4 Nf6 2. Nf3 e6 3. c4 d5 4. Nc3 Bb4 5. e3 O-O 6. Bd3 c5 7. O-O dxc4 8. Bxc4
Nc6 9. a3 Bxc3 10. bxc3 Qc7 11. Qe2 e5 12. h3 cxd4 13. cxd4 exd4 14. exd4 Re8
15. Be3 Be6 16. Bd3 Bd5 17. Rfc1 Qd6 18. Bb5 Nd7 19. Qd1 a6 20. Bc4 Bxc4 21.
Rxc4 b5 22. Rc3 Qd5 23. Rac1 Rac8 24. Qc2 Re6 25. Ng5 Rg6 26. Qe4 Qxe4 27. Nxe4
Nb6 28. Rc5 Re6 29. d5 Rxe4 30. Rxc6 Rxc6 31. Rxc6 1-0

[Event "3. Copenhagen Open Politiken Cup"]
[Site "Brndby"]
[Date "1981.??.??"]
[Round "2"]
[White "Dobosz, Henryk"]
[Black "Jensen, Allan Astrup"]
[Result "1-0"]
[WhiteElo "2360"]
[BlackElo "2225"]
[PlyCount "69"]
[EventDate "1981.??.??"]
[EventType "swiss"]
[EventRounds "10"]
[EventCountry "DEN"]
[SourceDate "2004.01.01"]

1. d4 d5 2. c4 e6 3. Nc3 c5 4. Nf3 Nc6 5. e3 Nf6 6. a3 a6 7. h3 Be7 8. cxd5
Nxd5 9. e4 Nxc3 10. bxc3 cxd4 11. cxd4 O-O 12. Be2 b5 13. O-O Bb7 14. Be3 Rc8
15. Qb1 Qc7 16. Bd3 g6 17. Rc1 Qb8 18. h4 Bf6 19. e5 Bg7 20. a4 b4 21. a5 Qa8
22. Nd2 Rfd8 23. Rc4 Ne7 24. Bg5 Rd7 25. Qxb4 Rxc4 26. Nxc4 Nc6 27. Qb1 Rxd4
28. Ra3 Nxe5 29. Rb3 Rxd3 30. Rxb7 Rd1+ 31. Qxd1 Qxb7 32. Qd8+ Bf8 33. Nxe5
Qb1+ 34. Kh2 Qf5 35. Nd7 1-0

[Event "3. Copenhagen Open Politiken Cup"]
[Site "Brndby"]
[Date "1981.??.??"]
[Round "2"]
[White "Ernst, Thomas"]
[Black "Anbuhl, Edgar"]
[Result "1-0"]
[WhiteElo "2295"]
[BlackElo "2230"]
[PlyCount "47"]
[EventDate "1981.??.??"]
[EventType "swiss"]
[EventRounds "10"]
[EventCountry "DEN"]
[SourceDate "2004.01.01"]

1. e4 e5 2. Nf3 d6 3. d4 exd4 4. Nxd4 g6 5. Nc3 Bg7 6. Be3 Nf6 7. Qd2 O-O 8.
O-O-O Nc6 9. f3 Nxd4 10. Bxd4 Be6 11. g4 c5 12. Be3 Qa5 13. Kb1 Rfe8 14. h4 b5
15. h5 c4 16. hxg6 fxg6 17. Bd4 b4 18. Bxf6 Bxf6 19. Nd5 Bg7 20. Bxc4 Qc5 21.
Bb3 a5 22. Qg5 Qa7 23. Rxh7 Kxh7 24. Nf6+ 1-0

[Event "3. Copenhagen Open Politiken Cup"]
[Site "Brndby"]
[Date "1981.??.??"]
[Round "2"]
[White "Hansen, Curt"]
[Black "Nielsen, Jrgen"]
[Result "1-0"]
[WhiteElo "2330"]
[BlackElo "2220"]
[PlyCount "81"]
[EventDate "1981.??.??"]
[EventType "swiss"]
[EventRounds "10"]
[EventCountry "DEN"]
[SourceDate "2004.01.01"]

1. e4 e5 2. Nc3 Nc6 3. Bc4 d6 4. Nf3 Be6 5. Bb5 a6 6. Bxc6+ bxc6 7. d4 f6 8.
Qe2 Ne7 9. dxe5 dxe5 10. Nd2 c5 11. Nb3 Nc6 12. Be3 Nd4 13. Qd1 Bd6 14. Na4 Qe7
15. c3 Nxb3 16. axb3 O-O 17. c4 f5 18. exf5 Rxf5 19. Nc3 Qh4 20. Qc2 Raf8 21.
Qe4 Qf6 22. f3 Rh5 23. Qc2 e4 24. Nxe4 Qg6 25. O-O-O Rxh2 26. Rxh2 Bxh2 27.
Bxc5 Bf4+ 28. Kb1 Re8 29. g3 Bf5 30. gxf4 Rxe4 31. fxe4 Bxe4 32. Rd8+ Kf7 33.
Rf8+ Ke6 34. Re8+ Qxe8 35. Qxe4+ Kf7 36. Qxe8+ Kxe8 37. Kc2 Kf7 38. Kd3 Ke6 39.
Ke4 g6 40. Bb4 c6 41. Be1 1-0

[Event "3. Copenhagen Open Politiken Cup"]
[Site "Brndby"]
[Date "1981.??.??"]
[Round "2"]
[White "Hoi, Carsten"]
[Black "Toth, Peter"]
[Result "1/2-1/2"]
[WhiteElo "2425"]
[BlackElo "2270"]
[PlyCount "59"]
[EventDate "1981.??.??"]
[EventType "swiss"]
[EventRounds "10"]
[EventCountry "DEN"]
[SourceDate "2004.01.01"]

1. d4 Nf6 2. c4 c5 3. d5 b5 4. cxb5 a6 5. e3 d6 6. Nc3 g6 7. Nf3 Bg7 8. a4 O-O
9. Ra3 Nbd7 10. Be2 axb5 11. Bxb5 Ba6 12. O-O Ne8 13. Bxa6 Rxa6 14. e4 Nc7 15.
Qe2 Ra8 16. Bf4 Qb8 17. Rfa1 Qb7 18. h4 Rfb8 19. R3a2 Qb3 20. Bg5 Kf8 21. Qe3
Na6 22. e5 Nxe5 23. Nxe5 dxe5 24. Bh6 f6 25. Bxg7+ Kxg7 26. f4 Nb4 27. fxe5
Nxa2 28. exf6+ exf6 29. Qe7+ Kh6 30. Qe3+ 1/2-1/2

[Event "3. Copenhagen Open Politiken Cup"]
[Site "Brndby"]
[Date "1981.??.??"]
[Round "2"]
[White "Jakobsen, Ole"]
[Black "Ravikumar, Vaidyanathan"]
[Result "1/2-1/2"]
[WhiteElo "2415"]
[BlackElo "2325"]
[PlyCount "71"]
[EventDate "1981.??.??"]
[EventType "swiss"]
[EventRounds "10"]
[EventCountry "DEN"]
[SourceDate "2004.01.01"]

1. d4 Nf6 2. c4 g6 3. Nc3 Bg7 4. e4 d6 5. f3 O-O 6. Be3 a6 7. Qd2 Nc6 8. Nge2
Re8 9. h4 h5 10. O-O-O b5 11. Bh6 Bh8 12. g4 bxc4 13. Ng3 e5 14. d5 Nd4 15.
gxh5 Nxh5 16. Nxh5 gxh5 17. Bh3 Kh7 18. Bxc8 Rxc8 19. Bg5 Qd7 20. f4 f6 21. f5
Rg8 22. Be3 Nb5 23. Rdg1 Nxc3 24. bxc3 Rg4 25. Rxg4 hxg4 26. Qe2 Rg8 27. Rg1
Qa4 28. Kb2 Rb8+ 29. Ka1 Qb5 30. Qc2 Rg8 31. Qe2 Rb8 32. Qc2 Rg8 33. Qe2 Qa5
34. Bd2 Qb6 35. Be3 Qa5 36. Bd2 1/2-1/2

[Event "3. Copenhagen Open Politiken Cup"]
[Site "Brndby"]
[Date "1981.??.??"]
[Round "2"]
[White "Jansa, Vlastimil"]
[Black "Brinck Claussen, Bjorn"]
[Result "1/2-1/2"]
[WhiteElo "2460"]
[BlackElo "2375"]
[PlyCount "138"]
[EventDate "1981.??.??"]
[EventType "swiss"]
[EventRounds "10"]
[EventCountry "DEN"]
[SourceDate "2004.01.01"]

1. e4 c6 2. d4 d5 3. Nd2 dxe4 4. Nxe4 Nf6 5. Nxf6+ gxf6 6. Nf3 Bf5 7. g3 e6 8.
Bg2 Nd7 9. O-O Nb6 10. b3 Bg7 11. a4 a5 12. Ba3 Bg4 13. Qd2 f5 14. Rad1 h5 15.
c4 h4 16. Rfe1 hxg3 17. hxg3 Bh6 18. Qe2 Nd7 19. d5 cxd5 20. cxd5 e5 21. Qb5 e4
22. Nd4 Bf8 23. Bxe4 Bxa3 24. Bxf5+ Kf8 25. Bxg4 Nf6 26. Bf3 Qc8 27. d6 Qh3 28.
Qg5 Rh6 29. Nf5 Rg6 30. Qf4 Bc5 31. Bg2 Qh5 32. Rc1 Rg4 33. Qe5 Bd4 34. Nxd4
Qxe5 35. Rxe5 Rxd4 36. Bxb7 Rb8 37. Rb5 Rxd6 38. Rc2 Rd3 39. Bc6 Rxb5 40. axb5
Rxb3 41. Ra2 Ng4 42. Kg2 Rb4 43. Bf3 Ne5 44. Rxa5 Rb2 45. g4 Kg7 46. g5 Nc4 47.
Ra4 Nb6 48. Ra5 Nc4 49. Ra4 Nb6 50. Ra6 Rxb5 51. Kh3 Nd7 52. Rd6 Ne5 53. Be4
Rb3+ 54. Kg2 Rc3 55. f3 Nc4 56. Rf6 Ne5 57. Kg3 Rc7 58. Kf4 Nd7 59. Rh6 Nf8 60.
Ra6 Ne6+ 61. Kg4 Rc5 62. g6 Nc7 63. Rb6 Nd5 64. Bxd5 Rxd5 65. gxf7 Kxf7 66. f4
Ra5 67. Rh6 Rb5 68. Ra6 Rc5 69. Kf3 Rb5 1/2-1/2

[Event "3. Copenhagen Open Politiken Cup"]
[Site "Brndby"]
[Date "1981.??.??"]
[Round "2"]
[White "Jasnikowski, Zbigniew"]
[Black "Bjarnason, Saevar"]
[Result "1/2-1/2"]
[WhiteElo "2380"]
[BlackElo "2245"]
[PlyCount "75"]
[EventDate "1981.??.??"]
[EventType "swiss"]
[EventRounds "10"]
[EventCountry "DEN"]
[SourceDate "2004.01.01"]

1. e4 e6 2. d3 d5 3. Nd2 Nf6 4. Ngf3 Be7 5. g3 O-O 6. Bg2 c5 7. O-O Nc6 8. e5
Ne8 9. Re1 f5 10. exf6 Bxf6 11. c3 Nc7 12. Nb3 b6 13. d4 cxd4 14. Nbxd4 Nxd4
15. cxd4 Bd7 16. h4 Rc8 17. Bf4 Nb5 18. Qd2 Rc4 19. b3 Rc6 20. Ne5 Bxe5 21.
Bxe5 Qe7 22. Rac1 Rfc8 23. Rxc6 Rxc6 24. Rc1 h6 25. Bh3 Rxc1+ 26. Qxc1 Qb4 27.
Qd1 Nc3 28. Qg4 Qe7 29. a4 Ne4 30. Bf1 Qf7 31. Qf4 Qxf4 32. Bxf4 Nc3 33. f3 b5
34. a5 b4 35. Kf2 Bb5 36. Bxb5 Nxb5 37. Ke3 a6 38. h5 1/2-1/2

[Event "3. Copenhagen Open Politiken Cup"]
[Site "Brndby"]
[Date "1981.??.??"]
[Round "2"]
[White "Karlsson, Lars"]
[Black "Mortensen, Erling"]
[Result "0-1"]
[WhiteElo "2465"]
[BlackElo "2375"]
[PlyCount "80"]
[EventDate "1981.??.??"]
[EventType "swiss"]
[EventRounds "10"]
[EventCountry "DEN"]
[SourceDate "2004.01.01"]

1. c4 e5 2. Nc3 Nf6 3. g3 c6 4. d4 exd4 5. Qxd4 d5 6. Bg2 Be6 7. Nf3 c5 8. Qd3
d4 9. Ng5 Bd7 10. Bxb7 Nc6 11. Nce4 Rb8 12. Nxf6+ Qxf6 13. Bxc6 Bxc6 14. O-O
Be7 15. Nh3 Bd6 16. b3 O-O 17. Ng5 Qh6 18. Bd2 Rbe8 19. f3 Qh5 20. Ne4 Bc7 21.
b4 cxb4 22. c5 Re6 23. Bxb4 Rfe8 24. Rf2 a5 25. Bd2 Bxe4 26. fxe4 Rxe4 27. Qf3
Qg6 28. Rc1 h5 29. Rcf1 R8e7 30. Rg2 Kh7 31. Bf4 f6 32. Kh1 Bxf4 33. gxf4 Qf5
34. Rfg1 Rxf4 35. Qa3 Rg4 36. Qh3 Re3 37. Rg3 Qd5+ 38. Qg2 Rexg3 39. hxg3 Qxc5
40. Qe4+ Rxe4 0-1

[Event "3. Copenhagen Open Politiken Cup"]
[Site "Brndby"]
[Date "1981.??.??"]
[Round "2"]
[White "Kovacs, Laszlo"]
[Black "Carlsson, Gerner"]
[Result "1-0"]
[WhiteElo "2315"]
[BlackElo "2205"]
[PlyCount "85"]
[EventDate "1981.??.??"]
[EventType "swiss"]
[EventRounds "10"]
[EventCountry "DEN"]
[SourceDate "2004.01.01"]

1. d4 Nf6 2. c4 g6 3. Nc3 d5 4. cxd5 Nxd5 5. Qb3 Nb6 6. Nf3 Bg7 7. Bf4 O-O 8.
e3 Be6 9. Qd1 Nc6 10. Rc1 Nd5 11. Bg3 Nxc3 12. Rxc3 Bd5 13. Be2 e5 14. dxe5
Bxf3 15. Bxf3 Qe7 16. Bxc6 bxc6 17. Qc2 Rab8 18. b3 Bxe5 19. Bxe5 Qxe5 20. O-O
Rb6 21. Rd1 Qf6 22. Rcd3 a5 23. Rd4 Rb4 24. Rd7 Rc8 25. Qc5 Rb5 26. Qc4 h5 27.
h3 Rg5 28. f4 Rb5 29. Rc1 Rd5 30. Rxd5 cxd5 31. Qxd5 Qb2 32. Rc6 Kg7 33. Qxa5
Qb1+ 34. Kh2 Re8 35. Qc3+ Kg8 36. Rxc7 Qxa2 37. Qc4 Rf8 38. f5 g5 39. Rc6 Kh7
40. Qc2 Qa5 41. Rc5 Qe1 42. Qe4 Rg8 43. Rc7 1-0

[Event "3. Copenhagen Open Politiken Cup"]
[Site "Brndby"]
[Date "1981.??.??"]
[Round "2"]
[White "Laird, Craig"]
[Black "Jensen, Vagn"]
[Result "1-0"]
[WhiteElo "2305"]
[BlackElo "2235"]
[PlyCount "69"]
[EventDate "1981.??.??"]
[EventType "swiss"]
[EventRounds "10"]
[EventCountry "DEN"]
[SourceDate "2004.01.01"]

1. d4 f5 2. Nc3 Nf6 3. Bg5 g6 4. Nf3 c6 5. h4 Qb6 6. Rb1 Ne4 7. h5 Nxg5 8. Nxg5
Bg7 9. hxg6 hxg6 10. Rxh8+ Bxh8 11. e3 Bf6 12. g4 e6 13. Nh7 Bg7 14. Bd3 d5 15.
Qf3 Qc7 16. gxf5 exf5 17. Qg2 Qf7 18. Ng5 Qe7 19. Nf3 Kf7 20. Kd2 Nd7 21. Ng5+
Ke8 22. Rg1 Nf8 23. Ne2 Bf6 24. f4 Kd8 25. c3 Kc7 26. Rh1 Be6 27. Ng1 b5 28.
N1f3 Rb8 29. Kc1 Bg8 30. Ne5 Bxe5 31. fxe5 Qg7 32. Qg3 Kb7 33. Nf3 Be6 34. Nh4
Qh6 35. Rh2 1-0

[Event "3. Copenhagen Open Politiken Cup"]
[Site "Brndby"]
[Date "1981.??.??"]
[Round "2"]
[White "McCambridge, Vincent"]
[Black "Reinert, Mads"]
[Result "1/2-1/2"]
[WhiteElo "2335"]
[BlackElo "2215"]
[PlyCount "88"]
[EventDate "1981.??.??"]
[EventType "swiss"]
[EventRounds "10"]
[EventCountry "DEN"]
[SourceDate "2004.01.01"]

1. d4 Nf6 2. c4 c5 3. d5 e6 4. Nc3 exd5 5. cxd5 d6 6. Nf3 g6 7. Nd2 Bg7 8. Nc4
O-O 9. Bg5 h6 10. Bh4 g5 11. Bg3 Ne8 12. e4 Qe7 13. Be2 Nd7 14. O-O Ne5 15.
Nxe5 Bxe5 16. f4 Bd4+ 17. Kh1 Nf6 18. e5 Bxc3 19. exd6 Qxd6 20. fxg5 Qxd5 21.
bxc3 Qxd1 22. Raxd1 Ne4 23. gxh6 Nxc3 24. Bd3 Nxd1 25. h7+ Kg7 26. Be5+ Kh6 27.
Rxf7 Bf5 28. Rxf8 Rxf8 29. Bxf5 Ne3 30. Bd3 Ng4 31. h8=Q+ Rxh8 32. Bxh8 Nf2+
33. Kg1 Nxd3 34. Kf1 b5 35. Bc3 b4 36. Bd2+ Kg6 37. Ke2 c4 38. Ke3 a5 39. Kd4
Nb2 40. h3 b3 41. axb3 cxb3 42. Kc3 Nc4 43. Bf4 b2 44. Kc2 Kf5 1/2-1/2

[Event "3. Copenhagen Open Politiken Cup"]
[Site "Brndby"]
[Date "1981.??.??"]
[Round "2"]
[White "Moe, Mogens"]
[Black "Pedersen, Jens Otto"]
[Result "1/2-1/2"]
[WhiteElo "2350"]
[BlackElo "2230"]
[PlyCount "72"]
[EventDate "1981.??.??"]
[EventType "swiss"]
[EventRounds "10"]
[EventCountry "DEN"]
[SourceDate "2004.01.01"]

1. e4 e5 2. Nf3 Nc6 3. d4 exd4 4. Nxd4 Bc5 5. Nb3 Bb6 6. Nc3 Qf6 7. Qe2 Nge7 8.
Be3 O-O 9. O-O-O d6 10. Kb1 Be6 11. Nd5 Bxd5 12. exd5 Nb4 13. Qc4 Bxe3 14. fxe3
c5 15. Qe4 Qg6 16. Qxg6 Nxg6 17. a3 Na6 18. Na5 Rab8 19. Bxa6 bxa6 20. Nc4 Rbd8
21. Rd3 Rfe8 22. Kc1 Ne5 23. Nxe5 Rxe5 24. b4 Rc8 25. Kd2 Rf5 26. Re1 cxb4 27.
axb4 Rf2+ 28. Re2 Rxc2+ 29. Kxc2 Rxe2+ 30. Kb3 f5 31. Rc3 Kf7 32. Rc6 Rxe3+ 33.
Kc4 Re4+ 34. Kc3 Re3+ 35. Kc4 Re4+ 36. Kc3 Re3+ 1/2-1/2

[Event "3. Copenhagen Open Politiken Cup"]
[Site "Brndby"]
[Date "1981.??.??"]
[Round "2"]
[White "Nikolaiczuk, Lothar"]
[Black "Sorensen, Henrik"]
[Result "0-1"]
[WhiteElo "2280"]
[BlackElo "2215"]
[PlyCount "62"]
[EventDate "1981.??.??"]
[EventType "swiss"]
[EventRounds "10"]
[EventCountry "DEN"]
[SourceDate "2004.01.01"]

1. e4 c6 2. d4 d5 3. Nd2 dxe4 4. Nxe4 Nf6 5. Nxf6+ gxf6 6. g3 Bf5 7. Bg2 Na6 8.
c3 Qd7 9. Ne2 Bh3 10. Bxh3 Qxh3 11. Nf4 Qf5 12. O-O O-O-O 13. b4 h5 14. Qd3
Qxd3 15. Nxd3 e5 16. Be3 h4 17. Rad1 e4 18. Nc1 Nc7 19. Ne2 Nd5 20. Rc1 Bd6 21.
Bd2 b5 22. c4 bxc4 23. Rxc4 Kd7 24. Rfc1 hxg3 25. fxg3 e3 26. Be1 Rh3 27. R1c2
Rdh8 28. Nc1 f5 29. Nd3 f4 30. Nxf4 Nxf4 31. gxf4 Bxf4 0-1

[Event "3. Copenhagen Open Politiken Cup"]
[Site "Brndby"]
[Date "1981.??.??"]
[Round "2"]
[White "Petursson, Margeir"]
[Black "Evans, Larry"]
[Result "1/2-1/2"]
[WhiteElo "2445"]
[BlackElo "2370"]
[PlyCount "68"]
[EventDate "1981.??.??"]
[EventType "swiss"]
[EventRounds "10"]
[EventCountry "DEN"]
[SourceDate "2004.01.01"]

1. d4 Nf6 2. c4 e6 3. g3 d5 4. Bg2 Be7 5. Nf3 O-O 6. Nbd2 dxc4 7. Nxc4 c5 8.
O-O Nc6 9. dxc5 Bxc5 10. Qxd8 Rxd8 11. Bf4 Nd5 12. Rfd1 b5 13. Nce5 Nxe5 14.
Bxe5 Bb7 15. Rac1 Bb6 16. Bd4 Rac8 17. e3 a6 18. Bxb6 Rxc1 19. Rxc1 Nxb6 20.
Nd4 Bxg2 21. Kxg2 Rc8 22. Rxc8+ Nxc8 23. Kf3 Kf8 24. Nc6 Nb6 25. Ke4 Na4 26. b4
Nc3+ 27. Kd4 Nxa2 28. Kc5 Ke8 29. Nb8 Nc3 30. Nxa6 Kd7 31. Nb8+ Kc7 32. Nc6
Ne4+ 33. Kxb5 Nd6+ 34. Kc5 Nb7+ 1/2-1/2

[Event "3. Copenhagen Open Politiken Cup"]
[Site "Brndby"]
[Date "1981.??.??"]
[Round "2"]
[White "Plaskett, Jim"]
[Black "Carlsson, Mats"]
[Result "0-1"]
[WhiteElo "2405"]
[BlackElo "2255"]
[PlyCount "118"]
[EventDate "1981.??.??"]
[EventType "swiss"]
[EventRounds "10"]
[EventCountry "DEN"]
[SourceDate "2004.01.01"]

1. e4 c5 2. Nf3 e6 3. d4 cxd4 4. Nxd4 a6 5. Bd3 Bc5 6. Nb3 Ba7 7. Qe2 Nc6 8.
O-O d6 9. c4 Nf6 10. Nc3 O-O 11. Be3 Bxe3 12. Qxe3 e5 13. Rac1 Be6 14. Rfd1 Na5
15. Nd5 Bxd5 16. exd5 Nxb3 17. axb3 Nd7 18. b4 b6 19. Bf5 Rb8 20. Qa3 Nf6 21.
Qxa6 Nh5 22. Qa3 Qg5 23. Qf3 Nf4 24. Qg4 Qxg4 25. Bxg4 f5 26. Bf3 e4 27. Rd4
Rfe8 28. Bd1 Nd3 29. Rc2 Ra8 30. Re2 Kf8 31. Rd2 Ra1 32. h4 Nxb4 33. Kh2 Kf7
34. g4 f4 35. f3 e3 36. Re2 Kg8 37. g5 h6 38. gxh6 gxh6 39. Rg2+ Kh8 40. Be2
Rf8 41. Re4 Rg8 42. Rxg8+ Kxg8 43. Rxf4 Re1 44. Rg4+ Kf7 45. Rg2 Nc2 46. f4 Nd4
47. Bh5+ Kf6 48. Rg6+ Kf5 49. Rxh6 e2 50. Bxe2 Rxe2+ 51. Kg3 Re3+ 52. Kf2 Ke4
53. Rxd6 Re2+ 54. Kf1 Rxb2 55. Rg6 Kf3 56. Ke1 Nb3 57. Kd1 Rd2+ 58. Ke1 Rc2 59.
Rxb6 Rc1# 0-1

[Event "3. Copenhagen Open Politiken Cup"]
[Site "Brndby"]
[Date "1981.??.??"]
[Round "2"]
[White "Pokojowczyk, Jerzy"]
[Black "Jahr, Ulrich"]
[Result "1-0"]
[WhiteElo "2390"]
[BlackElo "2230"]
[PlyCount "68"]
[EventDate "1981.??.??"]
[EventType "swiss"]
[EventRounds "10"]
[EventCountry "DEN"]
[SourceDate "2004.01.01"]

1. e4 e6 2. d4 d5 3. Nd2 c5 4. exd5 exd5 5. Ngf3 a6 6. Be2 c4 7. O-O Bd6 8. Re1
Ne7 9. b3 b5 10. a4 c3 11. axb5 cxd2 12. Bxd2 Bb7 13. bxa6 Bxa6 14. Bb5+ Bxb5
15. Rxa8 O-O 16. Qc1 Qc7 17. Ra1 Rc8 18. Ra2 Nbc6 19. c3 Bd3 20. g3 f6 21. Qd1
Be4 22. Nh4 Rb8 23. Bc1 Ng6 24. Nxg6 Bxg6 25. Qf3 Bf7 26. b4 Na7 27. Bd2 Nb5
28. Ra5 Qc4 29. Rea1 Bxb4 30. Rxb5 Qxb5 31. cxb4 Bg6 32. Rc1 Be4 33. Qg4 Re8
34. Rc7 f5 1-0

[Event "3. Copenhagen Open Politiken Cup"]
[Site "Brndby"]
[Date "1981.??.??"]
[Round "2"]
[White "Poulsen, Allan"]
[Black "Nykopp, Jan Michael"]
[Result "1/2-1/2"]
[WhiteElo "2400"]
[BlackElo "2260"]
[PlyCount "135"]
[EventDate "1981.??.??"]
[EventType "swiss"]
[EventRounds "10"]
[EventCountry "DEN"]
[SourceDate "2004.01.01"]

1. e4 e5 2. Nf3 Nc6 3. Bb5 Nf6 4. d4 Nxe4 5. Qe2 Nd6 6. Bxc6 bxc6 7. dxe5 Nb7
8. O-O Be7 9. Be3 O-O 10. Nc3 Nc5 11. Bxc5 Bxc5 12. Ne4 Be7 13. Nd4 c5 14. Nb3
Re8 15. Rad1 Rb8 16. f4 Bf8 17. c4 Qh4 18. Nbxc5 Bxc5+ 19. Nxc5 d6 20. Nd3 Bg4
21. Qe1 Qh5 22. Rd2 Bf5 23. Qf2 Bxd3 24. Rxd3 Qf5 25. Rf3 dxe5 26. fxe5 Qxe5
27. b3 f6 28. Qxa7 Ra8 29. Qf2 Qe2 30. a4 Rab8 31. Qxe2 Rxe2 32. Rb1 Ra2 33.
Rd1 Rb2 34. Rdd3 c5 35. Rfe3 Rb7 36. h3 Kf7 37. Kh2 g5 38. Rf3 Rb6 39. Rd5
R6xb3 40. Rxb3 Rxb3 41. Rxc5 Ra3 42. a5 Ra4 43. Kg3 Ke7 44. Rc7+ Kd6 45. Rf7
Ke6 46. Ra7 h5 47. Kf3 Rxc4 48. Ra6+ Ke5 49. Ra8 Rc3+ 50. Ke2 Kf4 51. Kd2 Ra3
52. Kc2 Kg3 53. Kb2 Re3 54. Rb8 Re2+ 55. Ka3 Re5 56. Ka4 Kxg2 57. a6 Re7 58.
Rb3 f5 59. Rb7 Re6 60. Ka5 Re1 61. Rg7 g4 62. hxg4 hxg4 63. Rf7 Ra1+ 64. Kb6
Rb1+ 65. Kc6 Ra1 66. Kb6 Rb1+ 67. Kc6 Rc1+ 68. Kb6 1/2-1/2

[Event "3. Copenhagen Open Politiken Cup"]
[Site "Brndby"]
[Date "1981.??.??"]
[Round "2"]
[White "Radulov, Ivan"]
[Black "Wicker, Kevin J"]
[Result "1-0"]
[WhiteElo "2460"]
[BlackElo "2305"]
[PlyCount "133"]
[EventDate "1981.??.??"]
[EventType "swiss"]
[EventRounds "10"]
[EventCountry "DEN"]
[SourceDate "2004.01.01"]

1. e4 e6 2. d4 d5 3. Nd2 Nf6 4. e5 Nfd7 5. Bd3 c5 6. c3 Nc6 7. Ne2 Qc7 8. O-O
Nb6 9. f4 g6 10. Nf3 Bd7 11. Be3 c4 12. Bc2 O-O-O 13. g4 h5 14. h3 hxg4 15.
hxg4 Be7 16. Kg2 f5 17. exf6 Bxf6 18. g5 Be7 19. Rh1 Rhg8 20. Rh6 Be8 21. Rh7
Nd7 22. Qh1 Nf8 23. Rh8 Rg7 24. Qh6 Bd6 25. Ne5 b5 26. a3 a5 27. Ng1 Kb7 28.
Ngf3 Bxe5 29. fxe5 Qf7 30. Nh2 Ne7 31. Ng4 Nf5 32. Qh3 Rc8 33. Nf6 Bc6 34. Bd2
a4 35. Rh1 Ra8 36. Qf3 Rc8 37. Kf2 Rc7 38. Qe2 Rc8 39. Re1 Nh7 40. Rxc8 Kxc8
41. Bf4 Nf8 42. Rh1 Kc7 43. Qf3 Kb7 44. Rh8 Kb6 45. Qh3 Kc7 46. Bxf5 gxf5 47.
Kf3 Ng6 48. Rh6 Kd8 49. Bd2 Be8 50. Qh2 Bc6 51. Nh5 Rg8 52. Nf4 Be8 53. Rh7
Nxf4 54. Rxf7 Bxf7 55. Qh7 Ke8 56. Bxf4 Rg6 57. Kg3 Kf8 58. Kh4 Rg7 59. Qh6 Bg6
60. Qh8+ Rg8 61. Qf6+ Bf7 62. Qd8+ Kg7 63. Qe7 Rh8+ 64. Kg3 Rh1 65. g6 Rg1+ 66.
Kf2 Rxg6 67. Bg5 1-0